Hindu rulers muslim subjects : (Record no. 131291)

MARC details
000 -LEADER
fixed length control field 00753nam a22002297a 4500
005 - DATE AND TIME OF LATEST TRANSACTION
control field 20170124110125.0
010 ## - LIBRARY OF CONGRESS CONTROL NUMBER
LC control number B-129076
020 ## - INTERNATIONAL STANDARD BOOK NUMBER
Terms of availability 695.00
International Standard Book Number 9788176240657
035 ## - SYSTEM CONTROL NUMBER
System control number B-129076
037 ## - SOURCE OF ACQUISITION
Source of stock number/acquisition Cen Lib/Ret
040 ## - CATALOGING SOURCE
Original cataloging agency DPL
Language of cataloging EN
082 ## - DEWEY DECIMAL CLASSIFICATION NUMBER
Classification number 954.11
Item number RAI
100 ## - MAIN ENTRY--PERSONAL NAME
Personal name Rai, Mridu
9 (RLIN) 92289
245 ## - TITLE STATEMENT
Title Hindu rulers muslim subjects :
Statement of responsibility, etc by Mridu Rai
Remainder of title islam rights and the history of kashmir /
260 ## - PUBLICATION, DISTRIBUTION, ETC. (IMPRINT)
Place of publication, distribution, etc Delhi
Name of publisher, distributor, etc Permanent Black
Date of publication, distribution, etc 2004
270 ## - ADDRESS
Address D-28, Oxford Apartments 11,I.P. Extension
City Delhi
Postal code 110092
300 ## - PHYSICAL DESCRIPTION
Extent xi,335p. :
Dimensions 23cm(Hb)
Other physical details ill.
500 ## - GENERAL NOTE
General note Includes bibliographical reference and index
650 ## - SUBJECT ADDED ENTRY--TOPICAL TERM
Topical term or geographic name as entry element Politics and government
9 (RLIN) 92290
650 ## - SUBJECT ADDED ENTRY--TOPICAL TERM
Topical term or geographic name as entry element Hinduism
9 (RLIN) 92291
942 ## - ADDED ENTRY ELEMENTS (KOHA)
Source of classification or shelving scheme Dewey Decimal Classification
Koha item type English Books
Classification part 954.11
Call number suffix RAI
Holdings
Withdrawn status Lost status Damaged status Not for loan Home library Current library Date acquired Source of acquisition Cost, normal purchase price Total Checkouts Full call number Barcode Date last seen Copy number Cost, replacement price Price effective from Koha item type
        Central Library Central Library 14/07/2015 Cen Lib/Ret 695.00   954.11 RAI B-129076 14/07/2015 1 695.00 14/07/2015 English Books

© Delhi Public Library
Hit Counter
free hit counter